| 000 | 00856nam a2200241 i 4500 | ||
|---|---|---|---|
| 001 | 97286 | ||
| 003 | ES-MaACL | ||
| 005 | 20251113184505.0 | ||
| 007 | t| | ||
| 008 | 050708s1972 sp ||||1| spa d | ||
| 080 | _a908(084) | ||
| 080 | _a821.134.2-4"19" | ||
| 245 | 0 | 0 |
_aMaravillas de España / _cMiguel Buñuel, Conde de Canilleros, Julio Caro Baroja ... [et al.] ; prólogo de Miguel Ángel Asturias. |
| 260 |
_aBarcelona : _bNauta, _c1972. |
||
| 300 |
_a320 p., 6 lám. col. : _bil. col. ; _c30 cm. |
||
| 651 | 4 |
_aEspaña- _xDescripción- _yS.XX. _98187 |
|
| 700 | 1 |
_aBuñuel, Miguel. _932564 |
|
| 700 | 1 |
_aMuñoz de San Pedro, Miguel, _cConde de Canilleros _984394 |
|
| 700 | 1 |
_aCaro Baroja, Julio, _d1914-1995 _935403 |
|
| 700 | 1 |
_aAsturias, Miguel Ángel, _d1899-1974 _923701 |
|
| 852 | 4 |
_aES-MaACL _jC-42898 |
|
| 999 |
_c97286 _d97286 |
||